Central Library OPAC University of Rajshahi

A source book of Gestalt psychology / (Record no. 29671)

MARC details
000 -LEADER
fixed length control field 00780nam a22002411 4500
001 - CONTROL NUMBER
control field 29671
003 - CONTROL NUMBER IDENTIFIER
rucl marc code BD-RjUL
005 - DATE AND TIME OF LATEST TRANSACTION
control field 20211209051437.0
008 - FIXED-LENGTH DATA ELEMENTS--GENERAL INFORMATION
fixed length control field 140406r19551938nyua 000 0 eng
035 ## - SYSTEM CONTROL NUMBER
System control number (BD-RjUL)29756
040 ## - CATALOGING SOURCE
Original cataloging agency DLC
Transcribing agency DLC
Modifying agency BD-RjUL
Language of cataloging eng
041 ## - LANGUAGE CODE
Language code of text/sound track or separate title eng
082 00 - DEWEY DECIMAL CLASSIFICATION NUMBER
Classification number 150.198208
Author mark and year SOU 1955
245 12 - TITLE STATEMENT
Title A source book of Gestalt psychology /
Statement of responsibility, etc. Prepared by Willis D. Ellis. With an introd. by K. Koffka.
260 ## - PUBLICATION, DISTRIBUTION, ETC. (IMPRINT)
Place of publication, distribution, etc. New York ; London :
Name of publisher, distributor, etc. Humanities Press; Routledge & Kegan Paul Ltd.,
Date of publication, distribution, etc. 1938 [Impression 1955].
300 ## - PHYSICAL DESCRIPTION
Pagination xiv, 403 p. :
Illustrations illus. ;
Size 22 cm.
650 #0 - SUBJECT ADDED ENTRY--TOPICAL TERM
Topical term or geographic name as entry element Gestalt psychology.
9 (RLIN) 89351
700 1# - ADDED ENTRY--PERSONAL NAME
Personal name Ellis, Willis Davis.
Personal name Koffka., K.
942 ## - ADDED ENTRY ELEMENTS (KOHA)
Source of classification or shelving scheme Dewey Decimal Classification
Koha item type Books
Holdings
Lost status Source of classification or shelving scheme Damaged status Not for loan Collection code Permanent Location Current Location Shelving location Date acquired Source of acquisition Cost, normal purchase price Total Checkouts Full call number Date last seen Copy number Koha item type
  Dewey Decimal Classification   Added to bundle Non-fiction Central Library, University of Rajshahi Central Library, University of Rajshahi Reading Room 02/02/1956 A. B. C. 22.12   150.198208 SOU 1955 06/04/2014 C-1 Books
  Dewey Decimal Classification     Non-fiction Central Library, University of Rajshahi Central Library, University of Rajshahi   20/09/1955 B.H.Blackw 8.00   150.198208 SOU 1950 06/04/2014 C-2 Books